00700cac a22002051u 4500090000900000008004100009020001500050082001300065100003400078245007200112260003500184300003900219500002600258511002500284650001400309653002300323942002600346999001500372952010700387 c6689081029t1988 xxu||||| |||| 00| 0 eng d a0356148033 a001.4226 aRobertson, Bruce  aLearn to draw charts and diagrams step-by-step /c Bruce Robertson. aLondon :b Macdonald, c1988. a[192]p. :b ill., charts ;c 25cm. adistributer: al-Ahram acatalogue by; wessam aDiagrams. aCharts & diagrams  cBBk001.4226 ROB2ddc c6689d6689 00104070aMAINbMAINcLOWd2007-11-29ePurchasel0o001.4226 ROBp000008300r2025-07-15 00:00:00yBB